Neziskové organizácie

Charakteristika neziskovej organizácie. Právna úprava neziskovej organizácie. Náležitosti zakladacej listiny. Zápis neziskovej organizácie do registra. Zrušenie neziskovej organizácie. Zánik neziskovej organizácie. Orgány neziskovej organizácie. Hospodárenie neziskovej organizácie.

Na minha lista:
Detalhes bibliográficos
Autor principal: Kašiar, Ján
Formato: Capítulo de Livro
Idioma:eslovaco
Assuntos:
Tags: Adicionar Tag
Sem tags, seja o primeiro a adicionar uma tag!

MARC

LEADER 00000naa a2200000 4500
001 0243898
005 20180606145948.8
041 0 |a slo 
044 |a SK 
245 1 0 |a Neziskové organizácie  |c Ján Kašiar 
520 |a Charakteristika neziskovej organizácie. Právna úprava neziskovej organizácie. Náležitosti zakladacej listiny. Zápis neziskovej organizácie do registra. Zrušenie neziskovej organizácie. Zánik neziskovej organizácie. Orgány neziskovej organizácie. Hospodárenie neziskovej organizácie. 
610 2 0 |a organizácie neziskové 
610 2 0 |a rady dozorné 
610 2 0 |a rady správne 
610 2 0 |a riaditelia 
610 2 0 |a štatúty 
610 2 0 |a hospodárenie finančné 
610 2 0 |a služby verejnoprospešné 
610 2 0 |a legislatíva 
100 1 |a Kašiar, Ján